[Event "Oberliga Nord O 0304"]
[Site "Germany"]
[Date "2004.03.28"]
[Round "8.3"]
[White "Bielinski, Dariusz"]
[Black "Hauschild, Andreas"]
[Result "0-1"]
[WhiteElo "2215"]
[BlackElo "2278"]
[PlyCount "146"]
[EventDate "2003.10.12"]
[EventType "team-tourn"]
[EventRounds "9"]
[EventCountry "GER"]
[SourceTitle "EXT 2005"]
[Source "ChessBase"]
[SourceDate "2004.11.15"]
[SourceVersion "1"]
[SourceVersionDate "2004.11.15"]
[SourceQuality "1"]
[WhiteTeam "Lasker Steglitz"]
[BlackTeam "Oberschoeneweide"]
[WhiteTeamCountry "GER"]
[BlackTeamCountry "GER"]

1. Nf3 Nf6 2. c4 d6 3. Nc3 e5 4. d4 Nbd7 5. d5 c5 6. e4 Be7 7. a3 0-0 8. h3 Ne8 9. Bd3 Kh8 10. 0-0 g6 11. Qd2 Ndf6 12. Ne2 Ng8 13. b4 b6 14. bxc5 bxc5 15. Rb1 Ng7 16. Ne1 f5 17. f4 fxe4 18. Bxe4 Bf6 19. fxe5 Bxe5 20. Rxf8 Qxf8 21. Nf3 Bf6 22. Nf4 Qe8 23. Qd3 Nf5 24. Kh2 Nd4 25. Nxd4 Bxd4 26. Ne6 Bxe6 27. dxe6 Be5+ 28. g3 Rb8 29. Rxb8 Qxb8 30. Bd5 Ne7 31. h4 Qf8 32. Qe2 Nf5 33. Bb2 Qf6 34. Bxe5 dxe5 35. Qb2 Kg7 36. Qb7+ Kh6 37. Qb2 Nd4 38. Qd2+ Kg7 39. Kh1 Nxe6 40. Bxe6 Qxe6 41. Qd8 Kf7 42. Qh8 h5 43. Qa8 Qxc4 44. Qxa7+ Kf6 45. a4 Qd5+ 46. Kh2 e4 47. Qb6+ Kf5 48. a5 e3 49. Qb1+ Ke5 50. Qb2+ Qd4 51. Qxd4+ Kxd4 52. a6 e2 53. a7 e1Q 54. a8Q Qf2+ 55. Kh3 Qf5+ 56. Kh2 c4 57. Qa4 Kd3 58. Qd1+ Kc3 59. Qd6 Kc2 60. Qa6 Qd3 61. Qa2+ Kc1 62. Qa1+ Qb1 63. Qa6 Qc2+ 64. Kh3 Qf5+ 65. Kh2 c3 66. Qa3+ Kd2 67. Qb4 Qd3 68. Kh3 Kd1 69. Qb3+ Kd2 70. Qb4 Ke2 71. Qe7+ Kf1 72. Qa7 Qf5+ 73. Kh2 Qf2+ 0-1

[Event "Oberliga Nord O 0304"]
[Site "Germany"]
[Date "2004.01.18"]
[Round "5.3"]
[White "Hauschild, Andreas"]
[Black "Liwak, Przemyslaw"]
[Result "0-1"]
[WhiteElo "2278"]
[BlackElo "2313"]
[PlyCount "120"]
[EventDate "2003.10.12"]
[EventType "team-tourn"]
[EventRounds "9"]
[EventCountry "GER"]
[SourceTitle "EXT 2005"]
[Source "ChessBase"]
[SourceDate "2004.11.15"]
[SourceVersion "1"]
[SourceVersionDate "2004.11.15"]
[SourceQuality "1"]
[WhiteTeam "Oberschoeneweide"]
[BlackTeam "Schwedt"]
[WhiteTeamCountry "GER"]
[BlackTeamCountry "GER"]

1. d4 Nf6 2. c4 e6 3. Nf3 Bb4+ 4. Nc3 b6 5. Bg5 Bb7 6. e3 h6 7. Bh4 g5 8. Bg3 Ne4 9. Qc2 Nxg3 10. hxg3 Qf6 11. Bd3 Nc6 12. Nd2 h5 13. Nde4 Qg7 14. Qe2 f5 15. Nd2 g4 16. 0-0-0 0-0-0 17. Nb3 Be7 18. d5 Nb4 19. Bb1 Bf6 20. Nd4 Qf7 21. a3 Na6 22. Ba2 Rhe8 23. Qc2 Nc5 24. Nde2 Bg5 25. Rh2 Kb8 26. Rdh1 Rh8 27. Kb1 Rdf8 28. Ka1 Ne4 29. Nxe4 fxe4 30. Nc3 Be7 31. dxe6 Qxe6 32. Rxh5 Rxh5 33. Rxh5 Qf7 34. Rh2 Qxf2 35. Qxf2 Rxf2 36. Rh8+ Rf8 37. Rxf8+ Bxf8 38. Bb1 Bc5 39. Bxe4 Bxe3 40. Bxb7 Kxb7 41. Kb1 Bd4 42. Kc2 Bxc3 43. Kxc3 Kc6 44. Kd4 b5 45. cxb5+ Kxb5 46. Ke4 Kc4 47. Kf4 Kd4 48. Kxg4 Ke3 49. Kf5 d5 50. g4 d4 51. g5 d3 52. g6 d2 53. g7 d1Q 54. g8Q Qc1 55. Kf6 Qxb2+ 56. Ke7 Qxa3+ 57. Kf6 Qb2+ 58. Ke7 Qa3+ 59. Kf6 Qd6+ 60. Kf5 Qf4+ 0-1

[Event "Oberliga Nord O 0304"]
[Site "Germany"]
[Date "2003.11.02"]
[Round "2.3"]
[White "Abraham, Ingo"]
[Black "Hauschild, Andreas"]
[Result "0-1"]
[WhiteElo "2139"]
[BlackElo "2278"]
[PlyCount "74"]
[EventDate "2003.10.12"]
[EventType "team-tourn"]
[EventRounds "9"]
[EventCountry "GER"]
[SourceTitle "EXT 2005"]
[Source "ChessBase"]
[SourceDate "2004.11.15"]
[SourceVersion "1"]
[SourceVersionDate "2004.11.15"]
[SourceQuality "1"]
[WhiteTeam "Weisse Dame"]
[BlackTeam "Oberschoeneweide"]
[WhiteTeamCountry "GER"]
[BlackTeamCountry "GER"]

1. d4 Nf6 2. c4 d6 3. Nf3 Nbd7 4. g3 e5 5. Bg2 Be7 6. 0-0 0-0 7. Nc3 c6 8. e4 Qc7 9. h3 a6 10. d5 cxd5 11. cxd5 b5 12. a3 Nb6 13. Ne1 Bd7 14. Nd3 a5 15. Bd2 Nc4 16. Rc1 Qb6 17. Ne2 Rfc8 18. Be1 Ne8 19. Ra1 a4 20. Rb1 f5 21. Nc3 Nf6 22. Kh2 Ra7 23. Nb4 Rac7 24. Qe2 Bf8 25. Rd1 g6 26. Rd3 Bh6 27. f3 Be3 28. Bf2 Bxf2 29. Rxf2 Kg7 30. Nba2 Nh5 31. Bf1 f4 32. g4 Ng3 33. Qe1 h5 34. Bg2 hxg4 35. hxg4 Rh8+ 36. Bh3 Rcc8 37. Qg1 Rh7 0-1

[Event "Oberliga Nord O 0304"]
[Site "Germany"]
[Date "2003.10.12"]
[Round "1.3"]
[White "Heuer, Thomas"]
[Black "Hauschild, Andreas"]
[Result "1-0"]
[WhiteElo "2212"]
[BlackElo "2278"]
[PlyCount "69"]
[EventDate "2003.10.12"]
[EventType "team-tourn"]
[EventRounds "9"]
[EventCountry "GER"]
[SourceTitle "EXT 2005"]
[Source "ChessBase"]
[SourceDate "2004.11.15"]
[SourceVersion "1"]
[SourceVersionDate "2004.11.15"]
[SourceQuality "1"]
[WhiteTeam "Rehberge"]
[BlackTeam "Oberschoeneweide"]
[WhiteTeamCountry "GER"]
[BlackTeamCountry "GER"]

1. Nf3 c5 2. g3 Nc6 3. d4 cxd4 4. Nxd4 e5 5. Nxc6 bxc6 6. Bg2 Nf6 7. 0-0 Be7 8. c4 0-0 9. Nc3 Rb8 10. b3 Qa5 11. Bd2 Qc7 12. Rc1 h6 13. Kh1 Bb7 14. f4 Rbd8 15. Qe1 Qb8 16. e4 Bc5 17. h3 Rfe8 18. f5 Bd4 19. g4 d5 20. g5 hxg5 21. Bxg5 Bxc3 22. Rxc3 Kf8 23. Bxf6 gxf6 24. cxd5 cxd5 25. Qc1 Qd6 26. Rd1 d4 27. Rc7 Rd7 28. Rxd7 Qxd7 29. Qc5+ Qe7 30. Qxa7 Ra8 31. Qb6 Rxa2 32. Rc1 Qa3 33. Qd8+ Kg7 34. Rg1 Ra1 35. Bf1+ 1-0

[Event "Ronne Jubilaum"]
[Site "Ronne"]
[Date "2001.06.30"]
[Round "9"]
[White "Hauschild, Andreas"]
[Black "Carlsen, Magnus"]
[Result "1-0"]
[WhiteElo "2290"]
[BlackElo "2288"]
[PlyCount "93"]
[EventDate "2001.06.24"]
[EventType "swiss"]
[EventRounds "9"]
[EventCountry "DEN"]
[SourceTitle "EXT 2023"]
[Source "ChessBase"]
[SourceDate "2022.10.05"]
[SourceVersion "1"]
[SourceVersionDate "2022.10.05"]
[SourceQuality "1"]

1. d4 d5 2. c4 e6 3. Nc3 Nf6 4. Bg5 Be7 5. e3 0-0 6. Qc2 h6 7. Bh4 b6 8. Rc1 Bb7 9. Nf3 Nbd7 10. cxd5 exd5 11. Bd3 c5 12. 0-0 Rc8 13. Bf5 cxd4 14. exd4 Ne4 15. Bxe7 Qxe7 16. Ne5 Nxe5 17. Bxc8 Rxc8 18. Rfe1 Qg5 19. dxe5 Nxc3 20. bxc3 d4 21. f4 Qxf4 22. Qf2 Qxf2+ 23. Kxf2 dxc3 24. Re3 Bd5 25. Rexc3 Rxc3 26. Rxc3 Bxa2 27. Ra3 Be6 28. Rxa7 b5 29. Rb7 Bc4 30. Ke3 Kh7 31. h4 Kg6 32. g4 h5 33. Rb6+ Be6 34. g5 Kf5 35. Rxb5 g6 36. Kf3 Bc4 37. Rc5 Ba2 38. e6+ Kxe6 39. Kf4 Kd6 40. Ra5 Bb3 41. Ke4 Bc2+ 42. Kd4 Ke6 43. Ra2 Bb1 44. Rb2 Bf5 45. Rb6+ Ke7 46. Ke5 Bg4 47. Rb7+ 1-0

[Event "Oberliga Nord W 9697"]
[Site "Germany"]
[Date "1997.05.04"]
[Round "9.1"]
[White "Hauschild, Andreas"]
[Black "Bangiev, Alexander J"]
[Result "1/2-1/2"]
[WhiteElo "2285"]
[BlackElo "2400"]
[PlyCount "123"]
[EventDate "1996.10.??"]
[EventType "team"]
[EventRounds "9"]
[EventCountry "GER"]
[SourceTitle "EXT 2003"]
[Source "ChessBase"]
[SourceDate "2002.11.25"]
[SourceVersion "1"]
[SourceVersionDate "2002.11.25"]
[SourceQuality "1"]
[WhiteTeam "Stader SV"]
[BlackTeam "Isernhagen"]
[WhiteTeamCountry "GER"]
[BlackTeamCountry "GER"]

1. d4 g6 2. c4 Bg7 3. e4 c5 4. d5 d6 5. Be2 Nd7 6. Nf3 h6 7. Qc2 a6 8. Nc3 Rb8 9. 0-0 g5 10. Rb1 g4 11. Ne1 Ne5 12. f4 gxf3 13. Nxf3 Ng6 14. e5 Nxe5 15. Nxe5 Bxe5 16. Rxf7 Nf6 17. Qg6 Bf5 18. Qxf5 Kxf7 19. Bh5+ Kf8 20. Ne4 Qd7 21. Qg6 Nxh5 22. Bxh6+ Rxh6 23. Qxh6+ Kg8 24. Qxh5 Bd4+ 25. Kh1 Rf8 26. Qg6+ Bg7 27. Ng3 Rf6 28. Qg5 e5 29. Kg1 Qf7 30. Nh5 Rf5 31. Qxg7+ Qxg7 32. Nxg7 Kxg7 33. Rf1 Rh5 34. g3 b5 35. b3 Rh8 36. Kg2 bxc4 37. bxc4 Rb8 38. Rf2 a5 39. Kf3 a4 40. Ke4 a3 41. Rf3 Rb4 42. Rxa3 Rxc4+ 43. Kf5 Rc1 44. Ke6 c4 45. Kxd6 c3 46. Kc6 c2 47. Rc3 e4 48. d6 e3 49. d7 e2 50. d8Q e1Q 51. Qd4+ Kg8 52. Re3 Qh1+ 53. Kc5 Qg1 54. Qg4+ Kh8 55. Qh5+ Kg7 56. Qe5+ Kg6 57. Kc6 Qg2+ 58. Kc7 Rf1 59. Qe6+ Rf6 60. Qg4+ Kh6 61. Qh4+ Kg6 62. Qg4+ 1/2-1/2